| 000 | 03062nam0a2200481 4500 | ||
|---|---|---|---|
| 001 | RU\NLR\BIBL_A\016365443 | ||
| 005 | 20230725181943.0 | ||
| 010 | _a978-5-4386-2182-9 | ||
| 021 |
_aRU _bКН-П-23-023958 _9КН-П-23-2385 |
||
| 035 | _a(NLR Aleph) 016365443 | ||
| 035 | _a(RuMoRGB)011727578 | ||
| 090 |
_a13165282 _c13165282 |
||
| 100 | _a20230511d2022 u y0rusy50 ca | ||
| 101 | 0 | _arus | |
| 102 | _aRU | ||
| 105 | _aa z 100zy | ||
| 181 | 0 |
_ai3 _baxxe |
|
| 182 | 0 | _an | |
| 200 | 1 |
_aНаблюдатель _eсборник работ победителей I и II конкурса имени Н. В. Шадрунова [2020-2021, проходивший в рамках ежегодных литературных чтений "Красная ворона" _fАдминистрация Петродворцового района Санкт-Петербурга, СПб ГБУ "ЦБС Петродворцового района Санкт-Петербурга", Библиотека семейного чтения г. Ломоносова _gредакторы-составители: Глоза Н. А. [и др.] |
|
| 203 |
_aТекст _bвизуальный _cнепосредственный |
||
| 210 |
_aЛомоносов _c[б. и.] _aСанкт-Петербург _cСвое издательство _d2022 |
||
| 215 |
_a157 с. _cил. _d21 |
||
| 606 | 1 |
_aЛитературное творчество школьников _91481367 _3RU\NLR\AUTH\66631072 |
|
| 675 |
_a821.161.1-3 _v4 |
||
| 686 | 0 | _aШ9(2)8 | |
| 686 | 1 | _aЧ421.385.35 | |
| 686 | 2 | _aШ6(2=Р)8-4 | |
| 686 | 2 | _aШ6(2=Р)6-4 | |
| 702 | 1 |
_aШадрунов _bН. В. _f1933-2007 _gНиколай Вениаминович _4280 |
|
| 702 | 1 |
_aГлоза _bН. А. _gНаталья Анатольевна _4220 |
|
| 711 | 1 | 2 |
_5z _a"Наблюдатель", литературный конкурс им. Н. В. Шадрунова _d1 _eЛомоносов, Санкт-Петербург _f2020 _9848716 _3RU\NLR\AUTH\880591612 |
| 711 | 1 | 2 |
_5z _a"Наблюдатель", литературный конкурс им. Н. В. Шадрунова _d2 _eЛомоносов, Санкт-Петербург _f2021 _9848722 _3RU\NLR\AUTH\880591614 |
| 711 | 1 | 2 |
_5z _a"Красная ворона", литературные чтения _eЛомоносов, Санкт-Петербург _f2020 _9848714 _3RU\NLR\AUTH\880591611 |
| 711 | 1 | 2 |
_5z _a"Красная ворона", литературные чтения _eЛомоносов, Санкт-Петербург _f2021 _9848726 _3RU\NLR\AUTH\880591616 |
| 712 | 0 | 2 |
_4570 _aБиблиотека семейного чтения _cЛомоносов, Санкт-Петербург _9803732 _3RU\NLR\AUTH\880568616 |
| 942 | _cBOOK | ||
| 980 | _aNB | ||